[Event "Canadian op"]
[Site "Kitchener"]
[Date "2006.07.23"]
[Round "9"]
[White "Aird, Ian"]
[Black "Angers, Gilles"]
[Result "1/2-1/2"]
[WhiteElo "2045"]
[BlackElo "1997"]
[PlyCount "28"]
[EventDate "2006.07.15"]
[EventType "swiss"]
[EventRounds "9"]
[EventCountry "CAN"]
[SourceTitle "CBM 113 Extra"]
[Source "ChessBase"]
[SourceDate "2006.09.14"]
[SourceVersion "1"]
[SourceVersionDate "2006.09.14"]
[SourceQuality "1"]

1. e4 e6 2. d3 d5 3. Qe2 Be7 4. Nf3 Nf6 5. g3 0-0 6. e5 Nfd7 7. h4 c5 8. Bh3 Nc6 9. 0-0 Qc7 10. Bf4 Re8 11. Re1 b5 12. Nbd2 a5 13. Ng5 Bxg5 14. hxg5 Nf8 1/2-1/2

[Event "Canadian op"]
[Site "Kitchener"]
[Date "2006.07.17"]
[Round "3"]
[White "Angers, Gilles"]
[Black "Panjwani, Raja"]
[Result "1/2-1/2"]
[WhiteElo "1997"]
[BlackElo "2222"]
[PlyCount "62"]
[EventDate "2006.07.15"]
[EventType "swiss"]
[EventRounds "9"]
[EventCountry "CAN"]
[SourceTitle "CBM 113 Extra"]
[Source "ChessBase"]
[SourceDate "2006.09.14"]
[SourceVersion "1"]
[SourceVersionDate "2006.09.14"]
[SourceQuality "1"]

1. e4 c5 2. Nc3 Nc6 3. g3 g6 4. Bg2 Bg7 5. f4 d6 6. d3 b6 7. Nf3 Bb7 8. 0-0 Qd7 9. Be3 Nh6 10. h3 f5 11. Qd2 0-0 12. Rae1 Rae8 13. Ng5 Nd4 14. Nd1 e6 15. c3 Nc6 16. Bf2 fxe4 17. Bxe4 Nf7 18. Nxf7 Qxf7 19. Bg2 d5 20. Ne3 Qd7 21. Ng4 Rf7 22. d4 Ba6 23. dxc5 Bxf1 24. Bxf1 bxc5 25. Bxc5 e5 26. fxe5 Nxe5 27. Nxe5 Rxe5 28. Rxe5 Bxe5 29. Bg2 Kg7 30. Bd4 Qd6 31. Qe3 Re7 1/2-1/2

[Event "Quebec Montcalm op 6th"]
[Site "Quebec"]
[Date "2006.03.30"]
[Round "2"]
[White "Angers, Gilles"]
[Black "Sauve, Richard"]
[Result "0-1"]
[WhiteElo "1951"]
[BlackElo "1939"]
[PlyCount "29"]
[EventDate "2006.03.23"]
[EventType "swiss"]
[EventRounds "5"]
[EventCountry "CAN"]
[SourceTitle "EXT 2007"]
[Source "ChessBase"]
[SourceDate "2006.11.23"]
[SourceVersion "1"]
[SourceVersionDate "2006.11.23"]
[SourceQuality "1"]

1. e4 c5 2. Nc3 Nc6 3. g3 g6 4. Bg2 Bg7 5. f4 e6 6. d3 d6 7. Nf3 Nge7 8. 0-0 0-0 9. Be3 b6 10. Bf2 Ba6 11. Qd2 e5 12. f5 gxf5 13. Qg5 fxe4 14. Nxe4 f5 15. Nc3 0-1

[Event "Quebec Carnaval op"]
[Site "Quebec"]
[Date "2006.02.18"]
[Round "2"]
[White "Angers, Gilles"]
[Black "Roussel Roozmon, Thomas"]
[Result "0-1"]
[WhiteElo "1946"]
[BlackElo "2430"]
[PlyCount "74"]
[EventDate "2006.02.17"]
[EventType "swiss"]
[EventRounds "5"]
[EventCountry "CAN"]
[SourceTitle "EXT 2007"]
[Source "ChessBase"]
[SourceDate "2006.11.23"]
[SourceVersion "1"]
[SourceVersionDate "2006.11.23"]
[SourceQuality "1"]

1. e4 c5 2. Nc3 Nc6 3. g3 g6 4. Bg2 Bg7 5. f4 d6 6. d3 e6 7. Nf3 Nge7 8. 0-0 0-0 9. Be3 Nd4 10. e5 Nec6 11. Ne4 dxe5 12. Nxe5 Nxe5 13. fxe5 Bxe5 14. c3 Nf5 15. Bxc5 Re8 16. Qf3 h5 17. d4 Bc7 18. Rad1 Kg7 19. Nf2 Bd7 20. Qd3 Bc6 21. Bxc6 bxc6 22. Qf3 Qd5 23. Qxd5 cxd5 24. Rfe1 g5 25. Nd3 g4 26. Re2 Rh8 27. b4 h4 28. gxh4 Rxh4 29. Rdd2 a6 30. a4 Rah8 31. Ne1 Rh3 32. Rg2 Ne3 33. Rge2 Bf4 34. Nd3 Rf3 35. Re1 Nc4 36. Nxf4 Nxd2 37. Ne2 Rfh3 0-1

[Event "Quebec Montcalm op 3rd"]
[Site "Quebec"]
[Date "2005.12.15"]
[Round "5"]
[White "Lessard, Claude"]
[Black "Angers, Gilles"]
[Result "0-1"]
[WhiteElo "1964"]
[BlackElo "1950"]
[PlyCount "80"]
[EventDate "2005.11.17"]
[EventType "swiss"]
[EventRounds "5"]
[EventCountry "CAN"]
[SourceTitle "EXT 2007"]
[Source "ChessBase"]
[SourceDate "2006.11.23"]
[SourceVersion "1"]
[SourceVersionDate "2006.11.23"]
[SourceQuality "1"]

1. d4 Nf6 2. Nf3 c5 3. c3 e6 4. Bf4 d5 5. e3 Nc6 6. h3 cxd4 7. exd4 Be7 8. Bd3 0-0 9. Nbd2 Qb6 10. Qb3 Qa5 11. 0-0 Ne8 12. Qc2 g6 13. b4 Qd8 14. Nb3 Bf6 15. Rad1 Nd6 16. Rfe1 Ne7 17. Bxd6 Qxd6 18. Ne5 Nc6 19. b5 Nxe5 20. dxe5 Bxe5 21. c4 Qc7 22. c5 Bg7 23. c6 e5 24. Bf1 Bf5 25. Qc1 Rfd8 26. Nc5 bxc6 27. Na6 Qa5 28. bxc6 Rac8 29. g4 Be6 30. a3 Rd6 31. Nb4 Qb6 32. Ba6 Rc7 33. Bb7 a5 34. Nd3 e4 35. Nc5 Rdxc6 36. Bxc6 Rxc6 37. Qd2 Rxc5 38. Rb1 Qc7 39. Rec1 Rxc1+ 40. Rxc1 Qb6 0-1

[Event "St Jean op"]
[Site "St Jean sur Richelieu"]
[Date "2004.06.26"]
[Round "2"]
[White "Angers, Gilles"]
[Black "Moskvitch, Andrei"]
[Result "0-1"]
[WhiteElo "1966"]
[BlackElo "2138"]
[PlyCount "28"]
[EventDate "2004.06.??"]
[EventType "swiss"]
[EventRounds "5"]
[EventCountry "CAN"]
[SourceTitle "EXT 2006"]
[Source "ChessBase"]
[SourceDate "2005.11.24"]
[SourceVersion "1"]
[SourceVersionDate "2005.11.24"]
[SourceQuality "1"]

1. e4 c5 2. Nc3 Nc6 3. g3 g6 4. Bg2 Bg7 5. f4 d6 6. d3 e6 7. Nf3 Nge7 8. 0-0 0-0 9. Be3 Rb8 10. d4 cxd4 11. Nxd4 e5 12. Nf3 exf4 13. Bxf4 Qb6+ 14. Kh1 Qxb2 0-1

[Event "Sherbrooke op-A"]
[Site "Sherbrooke"]
[Date "2004.05.30"]
[Round "3"]
[White "Liard, Serge"]
[Black "Angers, Gilles"]
[Result "1/2-1/2"]
[WhiteElo "1980"]
[BlackElo "1955"]
[PlyCount "44"]
[EventDate "2004.05.??"]
[EventType "swiss"]
[EventRounds "5"]
[EventCountry "CAN"]
[SourceTitle "EXT 2005"]
[Source "ChessBase"]
[SourceDate "2004.11.15"]
[SourceVersion "1"]
[SourceVersionDate "2004.11.15"]
[SourceQuality "1"]

1. e4 e6 2. d4 d5 3. Nc3 dxe4 4. Nxe4 Bd7 5. Nf3 Bc6 6. Bd3 Nd7 7. 0-0 Ngf6 8. Ned2 Be7 9. Re1 0-0 10. c3 b6 11. Nf1 Bb7 12. Ng5 h6 13. Ne4 Nxe4 14. Bxe4 Bxe4 15. Rxe4 Nf6 16. Rh4 c5 17. Be3 Nd5 18. Rg4 Nxe3 19. fxe3 Bd6 20. Qe1 f5 21. Rh4 Qf6 22. Rh3 Rae8 1/2-1/2

[Event "Quebec Montcalm op 01"]
[Site "Quebec"]
[Date "2004.01.11"]
[Round "4"]
[White "Caire, Francois"]
[Black "Angers, Gilles"]
[Result "1/2-1/2"]
[WhiteElo "2075"]
[BlackElo "1975"]
[PlyCount "51"]
[EventDate "2004.01.09"]
[EventType "swiss"]
[EventRounds "5"]
[EventCountry "CAN"]
[SourceTitle "EXT 2006"]
[Source "ChessBase"]
[SourceDate "2005.11.24"]
[SourceVersion "1"]
[SourceVersionDate "2005.11.24"]
[SourceQuality "1"]

1. d4 Nf6 2. Nf3 c5 3. d5 b5 4. c4 d6 5. cxb5 a6 6. bxa6 Bxa6 7. Nc3 g6 8. g3 Bg7 9. Bg2 Nbd7 10. 0-0 Nb6 11. Re1 Nfd7 12. Bf4 Nc4 13. Qc2 Qa5 14. Rac1 0-0 15. b3 Nce5 16. Nxe5 Nxe5 17. Bd2 c4 18. Na4 cxb3 19. axb3 Qb5 20. Bc3 Rfc8 21. Qb2 Bh6 22. f4 Nc4 23. bxc4 Qxa4 24. Qd2 Rxc4 25. e3 Bg7 26. Bxg7 1/2-1/2

[Event "Quebec-ch classe"]
[Site "Repentigny"]
[Date "2003.11.21"]
[Round "1"]
[White "Prahov, Valentin Asenov"]
[Black "Angers, Gilles"]
[Result "1-0"]
[WhiteElo "2207"]
[BlackElo "1986"]
[PlyCount "95"]
[EventDate "2003.11.21"]
[EventType "swiss"]
[EventRounds "5"]
[EventCountry "CAN"]
[SourceTitle "EXT 2022"]
[Source "ChessBase"]
[SourceDate "2021.10.06"]
[SourceVersion "1"]
[SourceVersionDate "2021.10.06"]
[SourceQuality "1"]

1. e4 e6 2. d4 d5 3. e5 c5 4. c3 Nc6 5. Nf3 Qb6 6. a3 Nh6 7. b4 cxd4 8. cxd4 Nf5 9. Be3 f6 10. exf6 gxf6 11. Nc3 Nxe3 12. fxe3 Bh6 13. Kf2 0-0 14. Bd3 Ne5 15. dxe5 Qxe3+ 16. Kf1 fxe5 17. Qe2 Qd4 18. Qc2 e4 19. Rd1 exd3 20. Qxd3 Qxd3+ 21. Rxd3 Bd7 22. Kf2 Rac8 23. Re1 Bg7 24. Nd1 Rc2+ 25. Kg1 h6 26. Ne3 Rc3 27. Rxc3 Bxc3 28. Rc1 Rc8 29. Rb1 Kg7 30. Kf2 Bb5 31. g4 Bf6 32. h4 Bd3 33. Rb3 Rc3 34. Rxc3 Bxc3 35. g5 Bb2 36. a4 Be4 37. gxh6+ Kxh6 38. Ng5 e5 39. Nxe4 dxe4 40. Kg3 Bd4 41. Nf5+ Kh5 42. Nd6 e3 43. Kf3 b6 44. Nf5 a5 45. b5 Bc5 46. Ke4 e2 47. Ng3+ Kxh4 48. Nxe2 1-0

[Event "Quebec Montcalm op 6th"]
[Site "Quebec"]
[Date "2003.04.03"]
[Round "2"]
[White "Fecteau, Martin"]
[Black "Angers, Gilles"]
[Result "0-1"]
[WhiteElo "1907"]
[BlackElo "1981"]
[PlyCount "50"]
[EventDate "2003.03.??"]
[EventType "swiss"]
[EventRounds "5"]
[EventCountry "CAN"]
[SourceTitle "EXT 2006"]
[Source "ChessBase"]
[SourceDate "2005.11.24"]
[SourceVersion "1"]
[SourceVersionDate "2005.11.24"]
[SourceQuality "1"]

1. d4 Nf6 2. c4 c5 3. e3 cxd4 4. exd4 d5 5. cxd5 Nxd5 6. Nc3 e6 7. Nf3 Nc6 8. a3 Be7 9. Bb5 0-0 10. 0-0 Bf6 11. Ne4 Be7 12. Re1 Qb6 13. Bc4 Rd8 14. Qb3 Nxd4 15. Nxd4 Qxd4 16. Ng3 Bc5 17. Be3 Nxe3 18. Rxe3 Qh4 19. Re2 Bd7 20. Ne4 Bb6 21. g3 Qg4 22. Rae1 Bc6 23. Bb5 Bd5 24. Qa4 Qf3 25. Rc2 Bb3 0-1

[Event "Quebec Montcalm op 6th"]
[Site "Quebec"]
[Date "2003.03.27"]
[Round "1"]
[White "Angers, Gilles"]
[Black "Audet Bouchard, Nicolas"]
[Result "0-1"]
[WhiteElo "1981"]
[BlackElo "2098"]
[PlyCount "48"]
[EventDate "2003.03.??"]
[EventType "swiss"]
[EventRounds "5"]
[EventCountry "CAN"]
[SourceTitle "EXT 2006"]
[Source "ChessBase"]
[SourceDate "2005.11.24"]
[SourceVersion "1"]
[SourceVersionDate "2005.11.24"]
[SourceQuality "1"]

1. e4 g6 2. d4 Bg7 3. c3 d6 4. f4 Nf6 5. Bd3 0-0 6. Nf3 Nbd7 7. 0-0 e5 8. fxe5 dxe5 9. dxe5 Ng4 10. Bg5 Qe8 11. e6 Qxe6 12. Nd4 Qb6 13. Qxg4 c5 14. Nf5 gxf5 15. Qg3 Kh8 16. exf5 c4+ 17. Be3 Qxb2 18. f6 Nxf6 19. Qh4 cxd3 20. Rxf6 Qxa1 21. Bd4 Qxb1+ 22. Rf1 Qxf1+ 23. Kxf1 Bxd4 24. Qxd4+ f6 0-1

[Event "Quebec Montcalm op 6 2001-02"]
[Site "Quebec"]
[Date "2002.04.11"]
[Round "3"]
[White "Angers, Gilles"]
[Black "Beaudoin, Stephane"]
[Result "1-0"]
[WhiteElo "1971"]
[BlackElo "2050"]
[PlyCount "61"]
[EventDate "2002.03.28"]
[EventType "swiss"]
[EventRounds "5"]
[EventCountry "CAN"]
[SourceTitle "EXT 2022"]
[Source "ChessBase"]
[SourceDate "2021.10.06"]
[SourceVersion "1"]
[SourceVersionDate "2021.10.06"]
[SourceQuality "1"]

1. e4 e6 2. d4 c5 3. d5 exd5 4. exd5 d6 5. Nc3 Be7 6. Bb5+ Nd7 7. a4 Ngf6 8. Nf3 0-0 9. 0-0 a6 10. Be2 Re8 11. Bf4 Nf8 12. h3 Ng6 13. Bg3 Bf8 14. Nd2 Ne7 15. Nf3 b6 16. Bh4 Nf5 17. Bg5 h6 18. Bf4 Ne4 19. Bd3 Nxc3 20. bxc3 Qf6 21. Qd2 g5 22. Bh2 Ne7 23. c4 Ng6 24. Rab1 Bxh3 25. Nxg5 hxg5 26. Bxg6 Qxg6 27. gxh3 Re4 28. Rxb6 Rae8 29. Rb3 Rxc4 30. Rg3 Qxc2 31. Qxg5+ 1-0

[Event "Quebec Montcalm op 3rd"]
[Site "Quebec"]
[Date "2001.12.13"]
[Round "4"]
[White "Angers, Gilles"]
[Black "Saint Amand, Paul"]
[Result "1/2-1/2"]
[WhiteElo "1982"]
[BlackElo "2105"]
[PlyCount "47"]
[EventDate "2001.11.22"]
[EventType "swiss"]
[EventRounds "5"]
[EventCountry "CAN"]
[SourceTitle "EXT 2009"]
[Source "ChessBase"]
[SourceDate "2008.11.26"]
[SourceVersion "1"]
[SourceVersionDate "2008.11.26"]
[SourceQuality "1"]

1. c4 c5 2. Nc3 Nc6 3. Nf3 Nf6 4. e4 e6 5. Be2 d5 6. e5 d4 7. exf6 dxc3 8. fxg7 cxd2+ 9. Bxd2 Bxg7 10. Qc2 Qb6 11. Rb1 Nb4 12. Qb3 e5 13. 0-0 Bf5 14. Rbc1 Rd8 15. Bg5 f6 16. Nh4 Bd3 17. Bh5+ Ke7 18. Be3 Bxf1 19. Nf5+ Kf8 20. Rxf1 Nc6 21. Qa3 Nb4 22. Qb3 Nc6 23. Qa3 Nb4 24. Qb3 1/2-1/2

[Event "CAN-ch op"]
[Site "Sackville"]
[Date "2001.07.09"]
[Round "4"]
[White "Angers, Gilles"]
[Black "Tassone, Adam"]
[Result "0-1"]
[WhiteElo "2041"]
[BlackElo "1678"]
[PlyCount "59"]
[EventDate "2001.07.??"]
[EventType "swiss"]
[EventRounds "10"]
[EventCountry "CAN"]
[SourceTitle "EXT 2006"]
[Source "ChessBase"]
[SourceDate "2005.11.24"]
[SourceVersion "1"]
[SourceVersionDate "2005.11.24"]
[SourceQuality "1"]

1. e4 c5 2. d4 cxd4 3. c3 dxc3 4. Nxc3 a6 5. Bc4 b5 6. Bb3 Nc6 7. Nf3 e6 8. 0-0 Nge7 9. Bg5 Bb7 10. a3 Qc7 11. Rc1 Ng6 12. Qd2 h6 13. Be3 Be7 14. Rfd1 Rd8 15. Nd4 0-0 16. Nd5 exd5 17. exd5 Kh8 18. dxc6 dxc6 19. Qc2 c5 20. Nf5 Rxd1+ 21. Rxd1 c4 22. Ba2 Rd8 23. Bb1 Be4 24. Qc1 Rxd1+ 25. Qxd1 Bxb1 26. Qxb1 Bf6 27. h3 Qd7 28. Qc2 Qd5 29. Bd2 Ne5 30. Bc3 0-1

[Event "CAN-ch op"]
[Site "Sackville"]
[Date "2001.07.07"]
[Round "1"]
[White "Angers, Gilles"]
[Black "Strojevs, Alexander"]
[Result "1-0"]
[WhiteElo "2041"]
[BlackElo "1809"]
[PlyCount "57"]
[EventDate "2001.07.??"]
[EventType "swiss"]
[EventRounds "10"]
[EventCountry "CAN"]
[SourceTitle "EXT 2006"]
[Source "ChessBase"]
[SourceDate "2005.11.24"]
[SourceVersion "1"]
[SourceVersionDate "2005.11.24"]
[SourceQuality "1"]

1. e4 c5 2. Nc3 Nc6 3. g3 Nf6 4. Bg2 g6 5. f4 d6 6. h3 Bg7 7. d3 a6 8. Nf3 Qc7 9. 0-0 0-0 10. g4 e6 11. f5 gxf5 12. exf5 exf5 13. g5 Nd7 14. Nd5 Qd8 15. Nh4 Nde5 16. Nxf5 Bxf5 17. Rxf5 f6 18. gxf6 Bxf6 19. Nxf6+ Rxf6 20. Bg5 Rxf5 21. Bxd8 Rxd8 22. c3 Rdf8 23. Qb3+ Kh8 24. Qxb7 R8f7 25. Qxa6 Ne7 26. Qxd6 N7g6 27. Rf1 Rxf1+ 28. Bxf1 Nf3+ 29. Kh1 1-0

[Event "Quebec Carnaval"]
[Site "Quebec"]
[Date "1995.02.03"]
[Round "1"]
[White "Angers, Gilles"]
[Black "Hebert, Jean"]
[Result "0-1"]
[WhiteElo "1963"]
[BlackElo "2488"]
[PlyCount "50"]
[EventDate "1995.02.03"]
[EventType "swiss"]
[EventRounds "5"]
[EventCountry "CAN"]
[SourceTitle "EXT 2022"]
[Source "ChessBase"]
[SourceDate "2021.10.06"]
[SourceVersion "1"]
[SourceVersionDate "2021.10.06"]
[SourceQuality "1"]

1. e4 c5 2. Nc3 Nc6 3. g3 g6 4. Bg2 Bg7 5. d3 d6 6. f4 e6 7. Nf3 Nge7 8. 0-0 0-0 9. Be3 Nd4 10. e5 dxe5 11. Nxe5 Rb8 12. Ne4 b6 13. c3 Ndf5 14. Bf2 Bb7 15. g4 Nd6 16. Nxd6 Qxd6 17. Bxb7 Rxb7 18. Qf3 Qd5 19. Qg3 f5 20. g5 Bxe5 21. fxe5 Nc6 22. d4 f4 23. Qg2 f3 24. Qg4 cxd4 25. cxd4 Rbf7 0-1